000 00350 a2200145 4500
001 190611
020 _a
040 _cMagnum
100 _aLuquini, Joselma
240 1 0 _aO descobrimento do brasil com jojô e palito
_lpor
245 1 0 _aO descobrimento do brasil com jojô e palito
300 _a30
697 _aLITERATURA INFANTO
942 _cBK
999 _c190611
_d190611